[Event "24th ch-EUR Indiv w 2024"]
[Site "Rhodes GRE"]
[Date "2024.04.23"]
[Round "5.40"]
[White "Belluire, Beatrice"]
[Black "Mkrtchyan, Mariam"]
[Result "0-1"]
[BlackTitle "WIM"]
[WhiteElo "2070"]
[BlackElo "2354"]
[WhiteFideId "26017296"]
[BlackFideId "13310828"]
[EventDate "2024.04.19"]

1. e4 e5 2. Nf3 Nc6 3. Bc4 Nf6 4. d3 Bc5 5. c3 O-O 6. O-O d5 7. exd5 Nxd5 8. Re1
Bg4 9. Nbd2 Nb6 10. Bb5 Bd6 11. Ne4 f5 12. Bxc6 bxc6 13. Ng3 f4 14. Ne4 Kh8 15.
b3 Qe8 16. Bb2 Qg6 17. Qe2 Rae8 18. Rad1 Nd7 19. Kh1 Qh6 20. Kg1 Re6 21. c4 c5
22. Kh1 Rf5 23. Neg5 Ref6 24. Qe4 Qh5 25. Qa8+ Rf8 26. Qc6 Nb8 27. Qb7 Rxg5 28.
Nxg5 Bxd1 29. Ne6 Rg8 30. f3 Bc2 31. Qe4 Nd7 32. Re2 Qh6 33. Nxc7 Bxc7 34. Rxc2
Qd6 35. Rd2 Nb8 36. Qb7 Nc6 37. Qa6 Rd8 38. h3 h6 39. Kh2 Qg6 0-1

[Event "24th ch-EUR Indiv w 2024"]
[Site "Rhodes GRE"]
[Date "2024.04.23"]
[Round "5.41"]
[White "Sivanandan, Bodhana"]
[Black "Houska, Jovanka"]
[Result "0-1"]
[WhiteTitle "WCM"]
[BlackTitle "IM"]
[WhiteElo "2065"]
[BlackElo "2340"]
[WhiteFideId "497592"]
[BlackFideId "405094"]
[EventDate "2024.04.19"]

1. e4 c6 2. Nc3 d5 3. Nf3 Bg4 4. h3 Bxf3 5. Qxf3 Nf6 6. Be2 e6 7. O-O d4 8. Nb1
Bd6 9. d3 Bc7 10. Bf4 c5 11. Nd2 Nc6 12. Qg3 e5 13. Bg5 h6 14. Bxf6 Qxf6 15. Nb3
b6 16. c3 O-O-O 17. a4 Qf4 18. Qxf4 exf4 19. c4 Kd7 20. Rfc1 h5 21. Nd2 g5 22.
f3 Rb8 23. Kf2 Nb4 24. Nb3 Rbg8 25. Ke1 Nc6 26. Kf2 Ke6 27. Nd2 Bd8 28. Rh1 Nb4
29. Rac1 Kd6 30. Nb1 Be7 31. Na3 Kc7 32. Nc2 Nc6 33. Na1 Rb8 34. Nb3 Nb4 35.
Rhd1 Rh6 36. Rh1 a6 37. Rhd1 Nc6 38. Rh1 Nd8 39. Rc2 Nb7 40. Rcc1 Re6 41. Rc2
Kd6 42. Rhc1 Ke5 43. Ra1 Bd8 44. Rac1 Rh6 45. Rh1 Be7 46. Rcc1 Na5 47. Nd2 Rb7
48. Rc2 Rh8 49. Rcc1 Ke6 50. Rc2 Kd7 51. Rcc1 Rhb8 52. Rc2 Ke6 53. Rhc1 Nc6 54.
Rh1 Kd7 55. Rd1 Ne5 56. Ra1 Bd8 57. Rh1 Kd6 58. Nb3 Be7 59. Nd2 Bd8 60. Nb3 f6
61. Rhc1 Rh7 62. Rh1 Bc7 63. Rcc1 Kc6 64. Rc2 Rg7 65. Rcc1 Bd6 66. Nd2 Kd7 67.
Nb3 Ke6 68. Nd2 Bf8 69. Rc2 Be7 70. Rcc1 Bd6 71. Rc2 Ra7 72. Ra1 Rg8 73. Rh1 Rg6
74. Rcc1 Kd7 75. Rc2 Ra8 76. Rcc1 Ra7 77. Rc2 Kc6 78. Nb3 Rag7 79. Rcc1 Rg8 80.
Nd2 R6g7 81. Rcg1 Bc7 82. Rc1 Bd6 83. Rc2 Ra7 84. Nb3 Kd7 85. Nd2 Ke6 86. Rcc1
Rb7 87. Rc2 Ng6 88. Rcc1 Nh4 89. Rc2 Rbg7 90. Rcc1 Be7 91. Ra1 a5 92. Rag1 f5
93. g4 fxg3+ 94. Rxg3 Bd6 95. Rgg1 Bf4 96. Nf1 Ng6 97. Rg2 h4 98. Ke1 Kf6 99.
Kd1 Re8 100. Rhg1 Ne5 101. Rh1 Reg8 102. Rhg1 Nd7 103. Rh1 Ke5 104. Rhg1 Nf6
105. Rh1 Nh5 106. Rhg1 Ng3 107. Nxg3 hxg3 108. Bf1 Be3 109. Rh1 Bf2 110. Ke2
fxe4 111. fxe4 Rh7 112. b3 Rf8 113. Kd2 Rh4 114. Be2 Rfh8 115. Rf1 Rxh3 116. Bf3
Kf4 117. Be2 Rh2 118. Rfxf2+ gxf2 119. Rg4+ Ke5 120. Rxg5+ Kd6 121. Rf5 Rg8 122.
Bf1 Rg3 123. Be2 Rg1 124. Rf6+ Ke7 125. Rf5 f1=Q 126. Rxf1 Rxf1 127. e5 Rff2
128. Ke1 Rxe2+ 129. Kf1 Ra2 130. Kg1 Rhb2 131. Kf1 Rb1# 0-1

[Event "24th ch-EUR Indiv w 2024"]
[Site "Rhodes GRE"]
[Date "2024.04.23"]
[Round "5.42"]
[White "Radeva, Viktoria"]
[Black "Koridze, Lile"]
[Result "1-0"]
[WhiteTitle "WGM"]
[BlackTitle "WFM"]
[WhiteElo "2315"]
[BlackElo "2121"]
[WhiteFideId "2915405"]
[BlackFideId "13612514"]
[EventDate "2024.04.19"]

1. e4 c5 2. Nf3 d6 3. Bb5+ Nd7 4. O-O a6 5. Be2 Ngf6 6. d3 e6 7. a4 b6 8. Nc3
Be7 9. Nd2 Bb7 10. f4 h5 11. Bf3 Qc7 12. Qe2 O-O-O 13. Nc4 g6 14. e5 Ne8 15.
Bxb7+ Qxb7 16. exd6 Nxd6 17. Nxd6+ Bxd6 18. Ne4 Be7 19. a5 b5 20. Ng5 Rhf8 21.
Bd2 Bf6 22. Rab1 Nb8 23. b4 Nc6 24. bxc5 Bd4+ 25. Kh1 Bxc5 26. c4 b4 27. Ne4 Be7
28. Be3 Nxa5 29. Nc5 Qc6 30. Qf2 Nb7 31. Nb3 Rxd3 32. Bb6 Rc3 33. Bd4 Rxc4 34.
Rfc1 Kb8 35. Be5+ Ka8 36. Rxc4 Qxc4 37. Qb6 Rc8 38. Bd4 Bc5 39. Nxc5 Nxc5 40.
Rxb4 Qxb4 41. Qxb4 Nd7 42. Qd6 Rc1+ 43. Bg1 Nc5 44. Qb6 1-0

[Event "24th ch-EUR Indiv w 2024"]
[Site "Rhodes GRE"]
[Date "2024.04.23"]
[Round "5.43"]
[White "Stojkovska, Monika"]
[Black "Heinemann, Josefine"]
[Result "1/2-1/2"]
[WhiteTitle "WFM"]
[BlackTitle "WGM"]
[WhiteElo "2057"]
[BlackElo "2303"]
[WhiteFideId "15002594"]
[BlackFideId "12900460"]
[EventDate "2024.04.19"]

1. e4 c5 2. Nf3 d6 3. d4 cxd4 4. Nxd4 Nf6 5. Nc3 a6 6. h3 e5 7. Nde2 h5 8. g3 b5
9. Bg5 Nbd7 10. Nd5 Bb7 11. Bg2 Bxd5 12. exd5 Be7 13. O-O Rc8 14. Be3 Nb6 15. b3
O-O 16. Qd3 Re8 17. Rac1 Nbd7 18. Kh2 Qa5 19. f4 Qxa2 20. Qd2 Bd8 21. fxe5 Nxe5
22. Bg5 Nfg4+ 23. hxg4 Nxg4+ 24. Kh1 Rxe2 25. Qxe2 Bxg5 26. Ra1 Qxc2 27. Qxc2
Rxc2 28. Rxa6 g6 29. Rxd6 Ne3 30. Be4 Re2 31. Rb1 Kg7 32. Ra6 f5 33. Bd3 Rd2 34.
Bxb5 Ng4 35. Re1 Be3 36. Re2 Rxd5 37. Be8 Rd1+ 38. Kg2 Rg1+ 39. Kf3 Rf1+ 40. Kg2
Rg1+ 41. Kf3 Rf1+ 42. Kg2 Rg1+ 43. Kf3 1/2-1/2

[Event "24th ch-EUR Indiv w 2024"]
[Site "Rhodes GRE"]
[Date "2024.04.23"]
[Round "5.44"]
[White "Deak-Sala, Emilia"]
[Black "Urh, Zala"]
[Result "0-1"]
[BlackTitle "WIM"]
[WhiteElo "2053"]
[BlackElo "2263"]
[WhiteFideId "795615"]
[BlackFideId "14611481"]
[EventDate "2024.04.19"]

1. e4 e5 2. Nf3 Nc6 3. Bc4 Bc5 4. c3 Nf6 5. d4 exd4 6. e5 d5 7. Bb5 Ne4 8. cxd4
Bb6 9. Nc3 O-O 10. O-O Bg4 11. Be3 f5 12. exf6 Nxf6 13. Be2 Ne7 14. h3 Bxf3 15.
Bxf3 c6 16. Na4 Nf5 17. Nxb6 Qxb6 18. Qd3 Nxe3 19. Qxe3 Rae8 20. Qd3 Ne4 21.
Rab1 Nd6 22. b3 Rf4 23. Rbd1 Nb5 24. Rfe1 Ref8 25. Qe3 Nxd4 26. Bh5 Re4 27. Qg3
Nf5 28. Qg5 Nd6 29. Bf3 Rxe1+ 30. Rxe1 Ne4 31. Qh4 g5 0-1

[Event "24th ch-EUR Indiv w 2024"]
[Site "Rhodes GRE"]
[Date "2024.04.23"]
[Round "5.45"]
[White "Pirvulescu, Ekaterina"]
[Black "Toncheva, Nadya"]
[Result "0-1"]
[WhiteTitle "WFM"]
[BlackTitle "FM"]
[WhiteElo "2044"]
[BlackElo "2258"]
[WhiteFideId "13506374"]
[BlackFideId "2924056"]
[EventDate "2024.04.19"]

1. e4 e5 2. Nf3 Nc6 3. d4 exd4 4. Bc4 Nf6 5. e5 d5 6. Bb5 Ne4 7. Nxd4 Bd7 8.
Bxc6 bxc6 9. O-O Bc5 10. f3 Ng5 11. Be3 O-O 12. f4 Ne4 13. Nd2 Nxd2 14. Qxd2 Re8
15. Rae1 Bb6 16. Nb3 Bf5 17. Qc3 Qd7 18. a4 a5 19. Bc5 Re6 20. Nd4 Rg6 21. Nxf5
Qxf5 22. Rf2 h5 23. Qd4 Rb8 24. b3 h4 25. Qe3 Kh7 26. Bxb6 cxb6 27. Qd3 Qxd3 28.
cxd3 Re8 29. Rf3 Kg8 30. Kf2 c5 31. h3 f5 32. Rc1 d4 33. g3 hxg3+ 34. Rxg3 Rxg3
35. Kxg3 Kf7 36. Rg1 Rb8 37. Kf3 g6 38. h4 Rh8 39. Kg3 Ke6 40. Kh3 Rh6 41. Kg3
Kd5 42. Kf3 Ke6 43. Rg2 Kf7 44. Kg3 Rh8 45. Rg1 Rb8 46. Kf3 b5 47. Rc1 bxa4 48.
bxa4 Rc8 49. Rb1 c4 50. dxc4 Rxc4 51. Rb7+ Kf8 52. Rb6 Kg7 53. Rb7+ Kh6 54. Rd7
Rxa4 55. Rd5 Kg7 56. Rd7+ Kf8 57. Rd6 Kg7 58. Rd7+ Kh6 59. Rd5 Ra3+ 60. Kf2 Ra2+
61. Kf3 Ra4 62. Kg3 Kg7 63. Kf3 Ra3+ 64. Kf2 Rh3 65. Rd7+ Kf8 66. Rxd4 Rxh4 67.
e6 Ke7 68. Kg3 Rg4+ 69. Kf3 g5 70. Rd5 Rxf4+ 71. Kg3 Kxe6 0-1

[Event "24th ch-EUR Indiv w 2024"]
[Site "Rhodes GRE"]
[Date "2024.04.23"]
[Round "5.46"]
[White "Velikic, Adela"]
[Black "Guillo Longares, Cecilia"]
[Result "1-0"]
[WhiteTitle "WIM"]
[BlackTitle "WFM"]
[WhiteElo "2258"]
[BlackElo "2101"]
[WhiteFideId "913553"]
[BlackFideId "32082681"]
[EventDate "2024.04.19"]

1. e4 c5 2. Nf3 Nc6 3. d4 cxd4 4. Nxd4 g6 5. c4 Bg7 6. Be3 Qb6 7. Nb3 Qd8 8. Qd2
Nf6 9. Nc3 Ng4 10. Bf4 d6 11. h3 Nf6 12. Bh6 Bxh6 13. Qxh6 a5 14. Be2 a4 15. Nd2
Qa5 16. O-O a3 17. Nb3 Qb4 18. Nd5 Nxd5 19. bxa3 Rxa3 20. exd5 Ne5 21. Qg7 Rf8
22. Qxh7 Qc3 23. Qh6 Qb2 24. Qe3 g5 25. c5 Bd7 26. Rfb1 Qc2 27. Rc1 Qg6 28. c6
bxc6 29. dxc6 Bc8 30. Qd4 f6 31. Qb4 Ra8 32. c7 Kf7 33. Nd4 Qe4 34. Qb3+ Kg6 35.
Qc2 f5 36. Nf3 Nd7 37. Bd3 Qa4 38. Qd2 Qf4 39. Qe2 Ne5 40. Nxe5+ Qxe5 41. Qxe5
dxe5 42. a4 e4 43. Bb5 Ra7 44. Rc5 e6 45. Rd1 Kf6 46. Kf1 Rh8 47. Rd4 Rf8 48.
Ke2 Ke7 49. Kd2 Kf6 50. Kc3 Ke7 51. Kb4 g4 52. hxg4 fxg4 53. Rxe4 Rxf2 54. Rxg4
e5 55. Rg8 Rf4+ 56. Ka3 Ra8 57. Bc6 1-0

[Event "24th ch-EUR Indiv w 2024"]
[Site "Rhodes GRE"]
[Date "2024.04.23"]
[Round "5.47"]
[White "Hakimifard, Ghazal"]
[Black "Paasikangas, Johanna"]
[Result "0-1"]
[WhiteTitle "WGM"]
[BlackTitle "FM"]
[WhiteElo "2253"]
[BlackElo "2080"]
[WhiteFideId "12506540"]
[BlackFideId "500879"]
[EventDate "2024.04.19"]

1. e4 c5 2. Nf3 d6 3. Bb5+ Nc6 4. O-O Bd7 5. Re1 Nf6 6. h3 e6 7. c3 Ne5 8. Bf1
Ng6 9. d4 Be7 10. e5 dxe5 11. dxe5 Nd5 12. Nbd2 O-O 13. a4 Qc7 14. Nc4 a6 15. a5
Bb5 16. Qc2 Rad8 17. Qe4 Rd7 18. h4 Rfd8 19. h5 Nf8 20. Qg4 f5 21. Qg3 Kh8 22.
Ng5 Bxc4 23. Bxc4 Bxg5 24. Bxg5 Re8 25. h6 gxh6 26. Bxh6 Ng6 27. Bg5 Kg8 28.
Rad1 Qc6 29. Qf3 Rf8 30. Ba2 Rff7 31. Kh2 Kf8 32. Bh6+ Ke8 33. Bg5 Rg7 34. Bf6
Rg8 35. g3 Nxf6 36. Qxc6 Ng4+ 37. Kg1 bxc6 38. Bxe6 Rxd1 39. Rxd1 Rg7 40. Bxf5
N4xe5 41. Bc8 Ra7 42. f4 Nc4 43. b4 cxb4 44. cxb4 Ne7 45. Be6 Ne3 46. Rc1 N3d5
47. f5 Rb7 48. Rf1 Nf6 49. Rf4 Ned5 50. Rc4 Rc7 51. Kf2 Ke7 52. g4 h6 53. Kf3
Kd6 54. Rc1 Rg7 55. Bc8 Rxg4 56. Bxa6 Rxb4 57. Bc4 Ra4 58. a6 Ra3+ 59. Ke2 Nb4
60. Rg1 Nxa6 61. Rg6 Ke5 62. Rxh6 Kxf5 63. Rh8 Nb4 64. Rb8 Nbd5 65. Rc8 Re3+ 66.
Kd1 Re6 67. Kc1 Ke5 68. Bb3 Kd4 69. Ba4 c5 70. Bb5 Nc3 71. Rd8+ Nfd5 72. Be8 Kd3
73. Bf7 Re1+ 74. Kb2 Rb1+ 75. Ka3 Kc4 76. Bxd5+ Nxd5 77. Rh8 Rb3+ 78. Ka4 Nc3+
79. Ka5 Rb1 80. Rh4+ Kb3 0-1

[Event "24th ch-EUR Indiv w 2024"]
[Site "Rhodes GRE"]
[Date "2024.04.23"]
[Round "5.48"]
[White "Donghvani, Nia"]
[Black "Sandu, Mihaela"]
[Result "0-1"]
[BlackTitle "WGM"]
[WhiteElo "2028"]
[BlackElo "2253"]
[WhiteFideId "13614649"]
[BlackFideId "1204327"]
[EventDate "2024.04.19"]

1. c4 Nf6 2. Nc3 g6 3. g3 Bg7 4. Bg2 O-O 5. d4 d6 6. Nf3 Nc6 7. O-O a6 8. Bf4
Bd7 9. Qd2 Re8 10. d5 Na5 11. b3 c5 12. e4 b5 13. e5 Nh5 14. cxb5 Nxf4 15. Qxf4
axb5 16. Rac1 Ra6 17. e6 fxe6 18. dxe6 Rf8 19. Qh4 Bf6 20. Ng5 Bxg5 21. Qxg5 Bc6
22. f4 Rf5 23. Qh4 Bxg2 24. Kxg2 Nc6 25. g4 Rf6 26. f5 Nd4 27. fxg6 Qa8+ 28. Kg1
Rxg6 29. Qh3 Rxe6 30. Rf2 Rf6 31. Rcf1 b4 32. Na4 Qe8 33. Rxf6 exf6 34. Rxf6 Ra7
35. Qg2 Re7 36. Qd5+ Kg7 37. Rf1 Re2 38. Qg5+ Qg6 39. Qxg6+ Kxg6 40. Rf2 Rxf2
41. Kxf2 Kg5 42. Kg3 Ne2+ 43. Kf3 Nc1 44. Nb6 Nxa2 45. Nc4 Nc1 46. Nxd6 Nxb3 47.
Ne4+ Kg6 48. Ke3 c4 49. h4 c3 50. Kd3 Nc1+ 51. Kc2 Ne2 0-1

[Event "24th ch-EUR Indiv w 2024"]
[Site "Rhodes GRE"]
[Date "2024.04.23"]
[Round "5.49"]
[White "Follana Albelda, Lucia"]
[Black "Manko, Mariia"]
[Result "1-0"]
[BlackTitle "WFM"]
[WhiteElo "1954"]
[BlackElo "2251"]
[WhiteFideId "24516937"]
[BlackFideId "14199220"]
[EventDate "2024.04.19"]

1. e4 c5 2. Nf3 Nc6 3. Bb5 g6 4. O-O Bg7 5. Re1 Nf6 6. c3 O-O 7. h3 e5 8. d4
cxd4 9. cxd4 d5 10. dxe5 Nxe4 11. Nc3 Nxe5 12. Nxe5 Bxe5 13. Nxe4 dxe4 14. Bh6
Bf5 15. Bxf8 Qxf8 16. g4 Rd8 17. Qc1 Be6 18. Rxe4 Qd6 19. Bc4 Rc8 20. a4 Bd4 21.
Rxd4 Qxd4 22. b3 Bxc4 23. bxc4 Rxc4 24. Qe1 Rc2 25. Rd1 Qf6 26. Qe3 Ra2 27. g5
Qb2 28. Rd8+ Kg7 29. Qc5 Qb1+ 30. Kh2 1-0

[Event "24th ch-EUR Indiv w 2024"]
[Site "Rhodes GRE"]
[Date "2024.04.23"]
[Round "5.50"]
[White "Borosova, Zuzana"]
[Black "Jimenez Fernandez, Rebeca"]
[Result "1-0"]
[WhiteTitle "WGM"]
[BlackTitle "WFM"]
[WhiteElo "2225"]
[BlackElo "2055"]
[WhiteFideId "14905779"]
[BlackFideId "32070934"]
[EventDate "2024.04.19"]

1. d3 Nf6 2. d4 e6 3. Nf3 c6 4. Bf4 c5 5. e3 b6 6. Nc3 cxd4 7. Nb5 d6 8. Qxd4 e5
9. Nxe5 a6 10. Qc4 Be6 11. Nc7+ Ke7 12. Nxe6 fxe6 13. O-O-O d5 14. Qa4 g6 15.
Bb5 Qc8 16. Bd3 Bg7 17. Bg5 Rf8 18. e4 Qc7 19. f4 Nd7 20. Nxd7 Qxd7 21. Qxd7+
Kxd7 22. exd5 exd5 23. Bc4 Kc7 24. Bxd5 Nxd5 25. Rxd5 h6 26. Bh4 Rae8 27. Rhd1
Rf7 28. Bg3 Re2 29. f5+ Kc6 30. Rd6+ Kb5 31. R1d5+ Ka4 32. Rxb6 Rxf5 33. b3+ Ka3
34. Bd6+ 1-0

[Event "24th ch-EUR Indiv w 2024"]
[Site "Rhodes GRE"]
[Date "2024.04.23"]
[Round "5.51"]
[White "Jarocka, Liwia"]
[Black "Zvereva, Marija"]
[Result "1-0"]
[WhiteTitle "FM"]
[BlackTitle "WIM"]
[WhiteElo "2212"]
[BlackElo "2049"]
[WhiteFideId "21807558"]
[BlackFideId "4121082"]
[EventDate "2024.04.19"]

1. e4 c5 2. Nf3 Nc6 3. Bb5 a6 4. Bxc6 dxc6 5. d3 Qc7 6. h3 e5 7. a4 a5 8. O-O
Bd6 9. Na3 Ne7 10. Nc4 f6 11. Be3 Be6 12. Nxd6+ Qxd6 13. b3 g5 14. Nd2 Ng6 15.
Qe2 b6 16. Rad1 h5 17. f3 Nf4 18. Qf2 Qd7 19. Nc4 Rb8 20. Kh2 Rg8 21. Rg1 Qc7
22. Bxf4 exf4 23. Rgf1 Bxc4 24. bxc4 Qe5 25. d4 cxd4 26. Rxd4 Kf7 27. Kh1 Kg6
28. c3 Rh8 29. Qd2 Rhe8 30. Rb1 Rh8 31. Rd6 Rhc8 32. Qd4 Qxd4 33. cxd4 Kf7 34.
Rd7+ Ke6 35. Rh7 h4 36. Ra7 Kd6 37. Rxb6 Rxb6 38. c5+ Ke6 39. cxb6 Rb8 40. Ra6
Kd6 41. Kg1 Rb7 42. Kf2 Rb8 43. Ke2 Kd7 44. Kd3 Kc8 45. Kc4 Kb7 46. Rxa5 Kxb6
47. Rf5 Kc7 48. e5 fxe5 49. Rxe5 Rg8 50. a5 Kd6 51. Rc5 Kd7 52. a6 Ra8 53. Ra5
Kc7 54. Kd3 Kb6 55. Rxg5 Rxa6 56. Rg4 Ra2 57. Rxf4 Rxg2 58. Rxh4 Kc7 59. Rh6 Kd7
60. h4 Rh2 61. h5 Rh1 62. Rh8 Rd1+ 63. Ke3 Re1+ 64. Kd2 Rh1 65. h6 Ke7 66. h7 1-0

[Event "24th ch-EUR Indiv w 2024"]
[Site "Rhodes GRE"]
[Date "2024.04.23"]
[Round "5.52"]
[White "Pavlidou, Ekaterini"]
[Black "Kirtadze, Anastasia"]
[Result "1/2-1/2"]
[WhiteTitle "WIM"]
[BlackTitle "WFM"]
[WhiteElo "2201"]
[BlackElo "2044"]
[WhiteFideId "4213262"]
[BlackFideId "13622714"]
[EventDate "2024.04.19"]

1. d4 Nf6 2. c4 e6 3. Nc3 Bb4 4. a3 Bxc3+ 5. bxc3 d5 6. e3 O-O 7. cxd5 exd5 8.
Bd3 c5 9. Ne2 b6 10. O-O Ba6 11. Ng3 Re8 12. f3 Qd6 13. Ra2 Bxd3 14. Qxd3 Nc6
15. Re2 Rad8 16. Bb2 Qd7 17. Kh1 Re6 18. Nf5 Nh5 19. g4 Nf6 20. Ng3 h6 21. Rg1
Nh7 22. h4 Rf6 23. Rf2 Ne7 24. Nh5 Rg6 25. Qf1 f5 26. Nf4 Rf6 27. g5 Rd6 28. Rh2
hxg5 29. hxg5 Ng6 30. Nh5 c4 31. Bc1 Nhf8 32. Bd2 Qe6 33. Qh3 Kf7 34. Ng3 Ne7
35. e4 fxe4 36. fxe4 Qxh3 37. Rxh3 dxe4 38. Nxe4 Re6 39. Rf3+ Kg6 40. Nf6 Nf5
41. Nh5 Kxh5 42. Rxf5 Kg6 43. Rgf1 Re2 44. R5f2 Rde8 45. Kg1 Nh7 46. Rxe2 Rxe2
47. Bf4 Nxg5 48. Bxg5 Kxg5 49. Rf7 g6 50. Rxa7 Rc2 51. Rb7 Rxc3 52. Rxb6 Rxa3
53. Rc6 Rc3 54. d5 Rd3 55. Rxc4 Rxd5 56. Kg2 Rd3 57. Ra4 Rb3 58. Rc4 Kf5 59.
Rc5+ Kg4 60. Rc4+ Kh5 61. Rc5+ Kh6 62. Ra5 g5 63. Ra6+ Kh5 64. Ra4 Rb2+ 65. Kg3
Re2 66. Rb4 Ra2 67. Rc4 Ra5 68. Rb4 g4 69. Rb3 Rf5 70. Ra3 Kg5 71. Rb3 Kh5 72.
Ra3 1/2-1/2

[Event "24th ch-EUR Indiv w 2024"]
[Site "Rhodes GRE"]
[Date "2024.04.23"]
[Round "5.53"]
[White "Vasylchuk, Diana"]
[Black "Ciolacu, Alessia-Mihaela"]
[Result "0-1"]
[BlackTitle "WIM"]
[WhiteElo "1931"]
[BlackElo "2188"]
[WhiteFideId "34134611"]
[BlackFideId "1252640"]
[EventDate "2024.04.19"]

1. e4 c5 2. Nf3 d6 3. Bb5+ Bd7 4. Bxd7+ Qxd7 5. O-O Nf6 6. Re1 e6 7. c3 Nc6 8.
d4 cxd4 9. cxd4 d5 10. exd5 Nxd5 11. a3 Be7 12. Nc3 Nxc3 13. bxc3 O-O 14. Bf4
Rac8 15. Qd3 Na5 16. Ne5 Qd5 17. Rab1 a6 18. a4 Rfd8 19. Qg3 Nc4 20. Bh6 Bf8 21.
Ng4 Kh8 22. Bf4 Bd6 23. Bxd6 Nxd6 24. Rec1 Ne4 25. Qf3 Kg8 26. c4 Qxd4 27. Rxb7
Nd6 28. Rbb1 Nxc4 29. Qb7 Qxg4 30. Qxa6 Ra8 31. Qc6 Ne5 32. Qc7 Nf3+ 33. Kh1 Nh4
34. Qc6 Rac8 35. h3 Qg6 36. Qb7 Rb8 37. Rd1 Rf8 0-1

[Event "24th ch-EUR Indiv w 2024"]
[Site "Rhodes GRE"]
[Date "2024.04.23"]
[Round "5.54"]
[White "Terbe, Zsuzsanna"]
[Black "Szente Varga, Fruzsina"]
[Result "1/2-1/2"]
[WhiteTitle "WIM"]
[BlackTitle "WFM"]
[WhiteElo "2174"]
[BlackElo "2025"]
[WhiteFideId "708801"]
[BlackFideId "712264"]
[EventDate "2024.04.19"]

1. d4 Nf6 2. c4 g6 3. Nc3 Bg7 4. e4 d6 5. Be2 O-O 6. Bg5 c5 7. d5 h6 8. Be3 e6
9. Qd2 Qa5 10. h3 exd5 11. exd5 Kh7 12. Nf3 a6 13. O-O b5 14. cxb5 Bb7 15. Rfd1
Rd8 16. a4 Nbd7 17. bxa6 Bxa6 18. Bxa6 Qxa6 19. Rab1 Rdb8 20. b3 Rb4 21. Nb5 Ne4
22. Qc2 Qb6 23. Nd2 Rxb5 24. Nxe4 Rb4 25. Bd2 Rd4 26. Bc3 Rxe4 27. Bxg7 Rae8 28.
Bc3 Re2 29. Rd2 R2e4 30. Kh2 Qd8 31. Qd3 Qe7 32. Rdd1 c4 33. bxc4 Nc5 34. Qg3
Rxc4 35. Bb4 Ne4 36. Qf4 Qe5 37. Qxe5 Rxe5 38. f3 Nc5 39. a5 Re2 40. Bxc5 Rxc5
41. Ra1 Rcc2 42. Rg1 Ra2 43. Rxa2 1/2-1/2

[Event "24th ch-EUR Indiv w 2024"]
[Site "Rhodes GRE"]
[Date "2024.04.23"]
[Round "5.55"]
[White "Eric, Jovana"]
[Black "Silva, Mariana Sofia T."]
[Result "1/2-1/2"]
[WhiteTitle "WGM"]
[BlackTitle "WCM"]
[WhiteElo "2162"]
[BlackElo "1980"]
[WhiteFideId "938238"]
[BlackFideId "1911899"]
[EventDate "2024.04.19"]

1. e4 c5 2. Nf3 g6 3. d4 cxd4 4. Nxd4 Nc6 5. c4 Bg7 6. Be3 Qb6 7. Nb3 Qd8 8. Qd2
Nf6 9. f3 d6 10. Nc3 O-O 11. Be2 a5 12. Na4 Be6 13. Nb6 Rb8 14. Nxa5 Nd7 15.
Nxd7 Qxd7 16. Nxc6 bxc6 17. Rb1 Ra8 18. a3 Rfb8 19. O-O Rb3 20. Bd1 Rb7 21. Qc2
d5 22. Be2 d4 23. Rfd1 c5 24. Bf2 Qa4 25. Qc1 h5 26. Bd3 Raa7 27. Bg3 Rb6 28.
Bf4 Kh7 29. Rd2 Rab7 30. Qf1 Qa5 31. Qe2 Qa4 32. Rf1 Rb3 33. Rc1 Qa6 34. Rcc2
Qb6 35. h3 Bd7 36. Bg3 e5 37. Qf1 Bh6 38. f4 Qc7 39. Rf2 Ba4 40. Rcd2 Qb8 41.
Kh1 Kg8 42. Bh2 Bd7 43. fxe5 Be6 44. Rd1 Rxb2 45. Rf3 Ra2 46. Bb1 Ra1 47. Bd3
Rxa3 48. Rg3 Rbb3 49. Rf3 Qb7 50. Be2 Be3 51. Rf6 Qd7 52. Bf4 Bxf4 53. Qxf4 Bxh3
54. Rd6 Qc8 55. Qg5 Bxg2+ 56. Kxg2 Qh3+ 57. Kf2 Qh2+ 58. Qg2 Qh4+ 59. Kf1 Qf4+
60. Ke1 Qh4+ 61. Qf2 Qh1+ 62. Qf1 Qh4+ 63. Qf2 Qh1+ 64. Qf1 Qh4+ 1/2-1/2

[Event "24th ch-EUR Indiv w 2024"]
[Site "Rhodes GRE"]
[Date "2024.04.23"]
[Round "5.56"]
[White "Ivan-Gal, Hanna Krisztina"]
[Black "Federovski, Adi"]
[Result "1-0"]
[WhiteTitle "WFM"]
[WhiteElo "2161"]
[BlackElo "1976"]
[WhiteFideId "711861"]
[BlackFideId "2813777"]
[EventDate "2024.04.19"]

1. e4 c5 2. Nf3 Nc6 3. Bb5 e6 4. Bxc6 bxc6 5. b3 d6 6. e5 d5 7. d3 f6 8. O-O
fxe5 9. Nxe5 Nf6 10. Nd2 Bd6 11. Ndf3 Qc7 12. Re1 O-O 13. Qe2 a5 14. a4 Rb8 15.
Ba3 Nd7 16. Qe3 Nxe5 17. Nxe5 Rf5 18. Nf3 d4 19. Qe2 Bd7 20. g3 Rbf8 21. Nd2 h5
22. Ne4 Be7 23. Rf1 Qd8 24. Bc1 Qe8 25. Bd2 Bd8 26. Nd6 Qg6 27. Nxf5 exf5 28.
Bf4 Be6 29. Rae1 Bd5 30. f3 h4 31. Qg2 Qf6 32. gxh4 Qxh4 33. Bd6 Rf7 34. Re8+
Kh7 35. Qg3 Qxg3+ 36. hxg3 Rd7 37. Bxc5 Kg6 38. Kf2 Bf7 39. Re2 Rd5 40. Ba3 Kf6
41. Rfe1 Rd7 42. Bc1 g5 43. Rh1 Kg6 44. Bd2 Bd5 45. Rh8 Bf7 46. Re1 Kg7 47. Rxd8
Rxd8 48. Bxg5 Rd5 49. Be7 Bh5 50. Ba3 Kf6 51. Re7 Bf7 52. Rc7 Be8 53. Ke2 Bd7
54. Kd2 Ke6 55. Bb2 Kd6 56. Ra7 f4 57. gxf4 c5 58. Rxa5 Rf5 59. Ba3 Bc6 60. Ke2
Rh5 61. Kd2 Bxf3 62. Kc1 Rf5 63. b4 Rxf4 64. Rxc5 Bd5 65. b5 Rf7 66. a5 Ra7 67.
b6 Rb7 68. Kb2 Ke6 69. Rb5 Bc6 70. Rb4 Kd5 71. a6 Rb8 72. a7 1-0

[Event "24th ch-EUR Indiv w 2024"]
[Site "Rhodes GRE"]
[Date "2024.04.23"]
[Round "5.57"]
[White "Karaivanova, Petya"]
[Black "Peglau, Charis"]
[Result "1/2-1/2"]
[WhiteTitle "WFM"]
[BlackTitle "WFM"]
[WhiteElo "1909"]
[BlackElo "2161"]
[WhiteFideId "2919150"]
[BlackFideId "16219996"]
[EventDate "2024.04.19"]

1. e4 e6 2. d4 d5 3. Nc3 dxe4 4. Nxe4 Bd7 5. Nf3 Bc6 6. Bd3 Nd7 7. Qe2 Ngf6 8.
Bd2 Nxe4 9. Bxe4 Bxe4 10. Qxe4 c6 11. c4 Nf6 12. Qe2 Bd6 13. O-O O-O 14. Bc3 Qe7
15. a3 a5 16. Rfe1 Rfd8 17. Rad1 Bc7 18. d5 cxd5 19. Bxf6 Qxf6 20. cxd5 exd5 21.
Rxd5 h6 22. Red1 Rxd5 23. Rxd5 Qc6 24. Rd1 Re8 25. Qd3 Bb6 26. g3 Qc5 27. Rd2
Rc8 28. Qe4 Qb5 29. Rc2 Re8 30. Qf4 Rd8 31. Rd2 Rc8 32. Kg2 Re8 33. Qg4 Re6 34.
Qf4 Qc6 35. Kh3 Rf6 36. Qb8+ Kh7 37. Ne5 Qe6+ 38. Kg2 Qf5 39. Nd7 Qf3+ 40. Kh3
Qh5+ 41. Kg2 Qf3+ 42. Kh3 Qh5+ 43. Kg2 Qf3+ 1/2-1/2